| 000 | 00583nam a22002051 4500 | ||
|---|---|---|---|
| 001 | bimo0001473119 | ||
| 003 | OSt | ||
| 005 | 20150213105734.0 | ||
| 008 | 990501s1972 sp spa | ||
| 040 | _cBMC | ||
| 082 | _a813.5 | ||
| 100 | 1 |
_aTalese, Gay _931587 |
|
| 245 | 1 | 0 |
_aHonrarás a tu padre _cGay Talese ; [traducido por Neri Daurella] |
| 260 |
_aBarcelona _bGrijalbo _c1972 |
||
| 300 |
_a533 p. _bil. _c20 cm |
||
| 546 | _aTraducción de: Honor thy father | ||
| 650 | 2 | 4 |
_917595 _aNovela norteamericana |
| 700 | 1 |
_931610 _aDaurella, Neri |
|
| 942 |
_2ddc _cBK _hahoj |
||
| 999 |
_c18517 _d18517 |
||